Лекции по философии истории (Запись № 1733050)

Подробности
000 -МАРКЕР
контрольное поле 01926nam0a2200409 4500
001 - ИДЕНТИФИКАТОР ЗАПИСИ
контрольное поле RU\NLR\bibl\905079
005 - ИДЕНТИФИКАТОР ВЕРСИИ
контрольное поле 20260407064803.0
010 ## - МЕЖДУНАРОДНЫЙ СТАНДАРТНЫЙ НОМЕР КНИГИ (ISBN)
Номер (ISBN) 5-02-026892-5
Тираж 1000
021 ## - НОМЕР ГОСУДАРСТВЕННОЙ РЕГИСТРАЦИИ
Код страны российская федерация
Номер 2005-75318
Номер Листа государственной регистраци 3714
035 ## - ДРУГИЕ СИСТЕМНЫЕ НОМЕРА
Идентификатор записи (NLR Aleph) 000893490
100 ## - ДАННЫЕ ОБЩЕЙ ОБРАБОТКИ
Данные общей обработки 20060208d2005 |||y0rusy50 ca
101 1# - ЯЗЫК РЕСУРСА
Язык текста, звукозаписи и т.д. русский
Язык оригинала не определено
102 ## - СТРАНА ПУБЛИКАЦИИ ИЛИ ПРОИЗВОДСТВА
Страна публикации российская федерация
105 ## - ПОЛЕ КОДИРОВАННЫХ ДАННЫХ: ТЕКСТОВЫЕ МАТЕРИАЛЫ, МОНОГРАФИЧЕСКИЕ
Кодированные данные о монографическом текстовом документе a |||||||||
200 1# - ЗАГЛАВИЕ И СВЕДЕНИЯ ОБ ОТВЕТСТВЕННОСТИ
Основное заглавие Лекции по философии истории
Параллельное заглавие Vorlesungen über die Philosophie der Geschichte
Первые сведения об ответственности Г.В.Ф. Гегель
Последующие сведения об ответственности пер. А.М. Водена
-- [Ю.В. Перов, К.А. Сергеев, статья]
Язык параллельного заглавия немецкий
205 ## - СВЕДЕНИЯ ОБ ИЗДАНИИ
Сведения об издании 2-е изд., стер.
210 ## - ПУБЛИКАЦИЯ, РАСПРОСТРАНЕНИЕ И ДР.
Место издания, распространения и т.д. Санкт-Петербург
Имя издателя, распространителя и т. д. Наука
Дата издания, распространения и т.д. 2005
215 ## - ФИЗИЧЕСКАЯ ХАРАКТЕРИСТИКА
Специфическое обозначение материала и объем 477, [2] с., [1] л. портр.
Размеры 22
225 1# - СЕРИЯ
Основное заглавие серии Слово о сущем
Сведения об ответственности редкол.: ...Ю.В. Перов (пред.) и др.
Обозначение тома Т. 2
300 ## - ОБЩИЕ ПРИМЕЧАНИЯ
Текст примечания Авт. также на нем. яз.: Hegel
320 ## - ПРИМЕЧАНИЯ О НАЛИЧИИ В ДОКУМЕНТЕ БИБЛИОГРАФИИ / УКАЗАТЕЛЯ
Текст примечания Библиогр. в подстроч. примеч.
320 ## - ПРИМЕЧАНИЯ О НАЛИЧИИ В ДОКУМЕНТЕ БИБЛИОГРАФИИ / УКАЗАТЕЛЯ
Текст примечания Имен. указ.: с. 472-477
327 1# - ПРИМЕЧАНИЯ О СОДЕРЖАНИИ
Текст примечания Содерж.: Философия истории
510 0# - ПАРАЛЛЕЛЬНОЕ ЗАГЛАВИЕ
Связь между полями z11790
Параллельное заглавие Vorlesungen über die Philosophie der Geschichte
Язык заглавия немецкий
606 1# - НАИМЕНОВАНИЕ ТЕМЫ КАК ПРЕДМЕТ
Наименование темы Классическая немецкая идеалистическая философия
Системный номер авторитетной/нормативной записи 1358866
Идентификатор авторитетной/нормативной записи RU\NLR\auth\66253813
606 1# - НАИМЕНОВАНИЕ ТЕМЫ КАК ПРЕДМЕТ
Наименование темы Философия истории
Системный номер авторитетной/нормативной записи 1851250
Идентификатор авторитетной/нормативной записи RU\NLR\AUTH\661130172
686 ## - ИНДЕКСЫ ДРУГИХ КЛАССИФИКАЦИЙ
Индекс Ю3(4Г)5-563.7-0
686 ## - ИНДЕКСЫ ДРУГИХ КЛАССИФИКАЦИЙ
Индекс Ю252
Книжный номер Т08
700 #1 - ИМЯ ЛИЦА - ПЕРВИЧНАЯ ОТВЕТСТВЕННОСТЬ
Код отношения Автор
Материалы, к которым относится поле rus
Графика поля Кириллица
Начальный элемент ввода Гегель
Часть имени, кроме начального элемента ввода Г. В. Ф.
Даты 1770-1831
Расширение инициалов личного имени Георг Вильгельм Фридрих
Идентификатор авторитетной/нормативной записи RU\NLR\auth\7715372
Системный номер авторитетной/нормативной записи 125027
790 #1 - ИМЯ ЛИЦА - АЛЬТЕРНАТИВНАЯ ФОРМА
Код отношения Автор
Материалы, к которым относится поле ger
Графика поля Латинская
Начальный элемент ввода Hegel
Часть имени, кроме начального элемента ввода G. W. F.
Даты 1770-1831
Расширение инициалов личного имени Georg Wilhelm Friedrich
Идентификатор авторитетной/нормативной записи RU\NLR\auth\7736402
Системный номер авторитетной/нормативной записи 19392
801 #0 - ИСТОЧНИК ЗАПИСИ
Страна российская федерация
Организация NLR
Дата составления 20060208
Правила каталогизации rcr
801 #1 - ИСТОЧНИК ЗАПИСИ
Страна российская федерация
Организация NLR
Дата составления 20060208
942 ## - ДОПОЛНИТЕЛЬНЫЕ ЭЛЕМЕНТЫ ЗАПИСИ (АБИС)
Тип экземпляра АБИС Книга
980 ## - КОЛЛЕКЦИЯ
Название коллекции Национальная библиография
Экземпляры
Тип экземпляра Дата поступления Источник поступления Библиотека постоянного хранения Библиотека текущего хранения Место хранения Шифр хранения Штрих-код Статус не для выдачи
Книга 08.02.2006 Обязательный экземпляр РНБ (Московский) РНБ (Московский) Русский книжный фонд: издания с 1957 года, 3этаж 2006-5/963 1-2040916  
Книга 08.02.2006 Обязательный экземпляр РНБ (Московский) РНБ (Московский) Русский книжный фонд: издания с 1957 года, 3этаж 2006-5/963 1-2197866